Tulanamulak sahitya : (Record no. 8065)
[ view plain ]
| 000 -LEADER | |
|---|---|
| fixed length control field | 00489cam a2200193ua 4500 |
| 008 - FIXED-LENGTH DATA ELEMENTS--GENERAL INFORMATION | |
| fixed length control field | 150219n ii |||gr||||Z||||||asm |
| 040 ## - CATALOGING SOURCE | |
| Transcribing agency | MAIN |
| 041 ## - LANGUAGE CODE | |
| -- | asm |
| 082 ## - DEWEY DECIMAL CLASSIFICATION NUMBER | |
| Classification number | 809 |
| 100 ## - MAIN ENTRY--PERSONAL NAME | |
| Personal name | Deka, K., |
| Relator term | |
| 245 1# - TITLE STATEMENT | |
| Title | Tulanamulak sahitya : |
| Remainder of title | Bikas aru bivartan / |
| Statement of responsibility, etc. | By Karabi Deka . |
| 250 ## - EDITION STATEMENT | |
| Edition statement | 1st. |
| 260 ## - PUBLICATION, DISTRIBUTION, ETC. | |
| Place of publication, distribution, etc. | Dibrugarh: |
| Name of publisher, distributor, etc. | Kaustabh, |
| Date of publication, distribution, etc. | 2008. |
| 300 ## - PHYSICAL DESCRIPTION | |
| Extent | 196p. |
| 942 ## - ADDED ENTRY ELEMENTS (KOHA) | |
| Koha item type | Books |
| 653 ## - INDEX TERM--UNCONTROLLED | |
| Uncontrolled term | History, description & criticism |
| 653 ## - INDEX TERM--UNCONTROLLED | |
| Uncontrolled term | Litarary criticism |
| Withdrawn status | Lost status | Damaged status | Not for loan | Home library | Current library | Shelving location | Date acquired | Total Checkouts | Full call number | Barcode | Date last seen | Date last checked out | Copy number | Price effective from | Koha item type |
|---|---|---|---|---|---|---|---|---|---|---|---|---|---|---|---|
| Central Library, Naharkatiya College | Central Library, Naharkatiya College | General Stacks | 19/09/2020 | 9 | 809 | DEK | 20616 | 06/11/2024 | 23/10/2024 | 1 | 19/09/2020 | Books |
